000 01128nam a22003737a 4500
001 0002429
003 KOHA_MİRAKIL
005 20260207001313.0
007 ta
008 090227b1982 tu |||gr||||#||||0|tur |
020 _cTL0,01
040 _aTR-BiSEU
_btur
_cTR-BiSEU
_erda
041 0 _atur
044 _ctu
050 _aKKX74
_b.U45 1982
245 0 _aProf. Dr. Ümit Yaşar Doğanay'ın anısına armağan I.
264 1 _aİstanbul :
_bİ. Ü. Siyasal Bilimler Fakültesi
_c1982
300 _a1 c.
336 _ametin
_btxt
_2rdacontent
337 _aaracısız
_bn
_2rdamedia
338 _acilt
_bnc
_2rdacarrier
490 1 _aİstanbul Üniversitesi ;
_vyayın no.
490 1 _a2848 Siyasal Bilimler Fakültesi yayın ;
_vno.
490 1 _a1
500 _aKaynakça var.
650 0 _aHukuk Türkiye.
_96057
650 0 _aArmağan kitaplar Türkiye.
_96957
650 0 _aLaw Turkey.
_96058
650 0 _aFestschriften Turkey.
_96961
830 1 _aİstanbul Üniversitesi ;
_vyayın no.
_96964
830 1 _a2848 Siyasal Bilimler Fakültesi yayın ;
_vno.
_96965
830 1 _a1
_92570
942 _2lcc
_cBK
999 _c2416
_d2416